| 000 | 00929cam a2200265 a 4500 | ||
|---|---|---|---|
| 001 | 000010878 | ||
| 005 | 20200929162318.0 | ||
| 008 | 950814s1995 ec ab b 000 0 spa | ||
| 010 | _a95191086 | ||
| 020 | _a9978790160 | ||
| 035 | _a(BoCbEI)ei 95000592 | ||
| 040 |
_aDO-SdBNP _cDLC _dDLC |
||
| 043 | _as-ec--- | ||
| 050 | 0 | 0 |
_aHD9574.E22 _bS57 1995 |
| 100 | 1 |
_aSierra Castro, Enrique. _926234 |
|
| 245 | 1 | 0 |
_aEcuador, Ecuador : _btu petroleo, tu gente! / _cEnrique Sierra C. |
| 250 | _a1. ed. | ||
| 260 |
_aQuito, Ecuador : _bEdiciones Cultura y Didactica, _c1995. |
||
| 300 |
_a263 p. (some folded) : _bill., maps ; _c21 cm. |
||
| 440 | 0 |
_aSerie economica y social _926235 |
|
| 504 | _aIncludes bibliographical references (p. [247]-257). | ||
| 650 | 0 |
_aPetroleum industry and trade _zEcuador _xHistory. _926236 |
|
| 650 | 0 |
_aPetroleum industry and trade _xPrivatization _zEcuador. _926237 |
|
| 910 | _aCatalogación derivada | ||
| 999 |
_c10626 _d10626 |
||